[Event "Brühl - Letmathe"]
[Site "?"]
[Date "2024.03.10"]
[Round "7.1"]
[White "Haub, Thorsten Michael"]
[Black "Loifenfeld, Jakov"]
[Result "0-1"]
[WhiteElo "2342"]
[BlackElo "2365"]
[PlyCount "126"]
[EventDate "2024.??.??"]

1. Nf3 d5 2. g3 Nc6 3. d3 e5 4. Bg2 Be6 5. c3 Qd7 6. Nbd2 f6 7. b4 Bd6 8. Bb2 Nge7 9. a3 a5 10. O-O O-O 11. e4 Nd8 12. d4 c6 13. Qc2 Nf7 14. Rfe1 Bh3 15. Rad1 Bxg2 16. Kxg2 f5 17. dxe5 fxe4 18. Nxe4 Nxe5 19. Nxe5 Bxe5 20. Nc5 Qd6 21. Nxb7 Qf6 22. f4 Bc7 23. Nc5 Nf5 24. Qe2 Rfe8 25. Qxe8+ Rxe8 26. Rxe8+ Kf7 27. Rde1 Qg6 28. Nd7 Qg4 29. Kf2 h5 30. Rf8+ Kg6 31. Re6+ Kh7 32. Rf7 Bb6+ 33. Nxb6 Nxg3 34. Re5 Ne4+ 35. Rxe4 dxe4 36. Bc1 Qf3+ 37. Ke1 e3 38. Re7 Qh1+ 39. Ke2 Qxc1 40. Rxe3 Qxa3 41. bxa5 Qxa5 42. Nc4 Qd5 43. Ne5 Qg2+ 44. Kd3 Qxh2 45. Ke4 Qg2+ 46. Nf3 Qg6+ 47. f5 Qg4+ 48. Ke5 Qg3+ 49. Ke4 Kh6 50. Rd3 h4 51. Ne5 Qg2+ 52. Kf4 Kh5 53. c4 h3 54. Rg3 Qf1+ 55. Rf3 Qc1+ 56. Ke4 Qe1+ 57. Kd4 Qh4+ 58. Kc5 h2 59. Ng6 Qe1 60. Rh3+ Kg4 61. Rxh2 Qg1+ 62. Kxc6 Qxh2 63. Ne7 Qe2 0-1

[Event "Brühl - Letmathe"]
[Site "?"]
[Date "2024.03.10"]
[Round "7.2"]
[White "Keller, Thomas"]
[Black "Bosch, Jeroen"]
[Result "0-1"]
[WhiteElo "2233"]
[BlackElo "2409"]
[PlyCount "194"]
[EventDate "2024.??.??"]

1. e4 e5 2. Nf3 Nf6 3. Nxe5 d6 4. Nf3 Nxe4 5. d4 d5 6. Bd3 Nc6 7. O-O Be7 8. c4 Nb4 9. Be2 O-O 10. Nc3 Bf5 11. a3 Nxc3 12. bxc3 Nc6 13. Re1 Re8 14. cxd5 Qxd5 15. Bf4 Rac8 16. Bd3 Qd7 17. Rb1 b6 18. d5 Bxd3 19. Qxd3 Bf6 20. c4 h6 21. Rbd1 Rxe1+ 22. Rxe1 Na5 23. Be5 Bxe5 24. Nxe5 Re8 25. Re3 Qd6 26. Qf5 Re7 27. h4 g6 28. Qf4 Nxc4 29. Qxc4 Rxe5 30. Rxe5 Qxe5 31. g3 a5 32. a4 Kf8 33. Kg2 Ke7 34. Kh2 g5 35. hxg5 hxg5 36. Kg2 Kd8 37. Kf1 f5 38. Qc6 Qd6 39. Qa8+ Ke7 40. Kg2 Kd7 41. Kf1 g4 42. Kg1 Qf6 43. Kg2 Qc3 44. Qg8 Qf3+ 45. Kg1 Qe4 46. Kf1 Qe5 47. Kg1 Kd6 48. Qd8+ Kc5 49. Qd7 Kd4 50. Kh2 Qxd5 51. Qxc7 Qc5 52. Qf4+ Kc3 53. Kg1 Kb3 54. Kh2 Qb4 55. Qxf5 Kxa4 56. Qc2+ Kb5 57. f4 gxf3 58. Qf5+ Qc5 59. Qxf3 a4 60. g4 Qc2+ 61. Kg3 Qb3 62. g5 Qxf3+ 63. Kxf3 a3 64. g6 a2 65. g7 a1=Q 66. g8=Q Qc3+ 67. Kg2 Kb4 68. Qf8+ Kb3 69. Qf7+ Kb2 70. Qd7 Qc5 71. Qg7+ Kc2 72. Qh7+ Kc3 73. Qg7+ Kc4 74. Qg4+ Qd4 75. Qe2+ Kc3 76. Qe8 Qd5+ 77. Kh3 b5 78. Qe1+ Kc4 79. Qc1+ Kb4 80. Qe1+ Kc5 81. Qe7+ Kc4 82. Qc7+ Kb3 83. Qg3+ Ka4 84. Qe1 b4 85. Qe8+ Ka3 86. Qe7 Qd4 87. Kg3 Ka2 88. Qe2+ Kb1 89. Qb5 Kc2 90. Qa4+ Kc1 91. Qb5 Kd2 92. Qa5 Qc3+ 93. Kh4 b3 94. Qg5+ Qe3 95. Qd5+ Ke2 96. Qb5+ Qd3 97. Qe5+ Kd1 0-1

[Event "Brühl- Letmathe"]
[Site "?"]
[Date "2024.03.10"]
[Round "7.3"]
[White "Schleining, Zoya"]
[Black "Gramb, Marius"]
[Result "1-0"]
[WhiteElo "2331"]
[BlackElo "2142"]
[PlyCount "135"]
[EventDate "2024.??.??"]

1. e4 e5 2. Nf3 Nc6 3. Bc4 Bc5 4. d3 Nf6 5. Nc3 a6 6. O-O O-O 7. Bg5 h6 8. Bxf6 Qxf6 9. Nd5 Qd8 10. c3 d6 11. d4 Ba7 12. h3 Re8 13. Re1 b5 14. Bb3 Na5 15. Bc2 Bb7 16. a4 Nc4 17. axb5 axb5 18. b3 Nb6 19. Ne3 Nd7 20. Nf5 Bb6 21. Rxa8 Bxa8 22. b4 exd4 23. cxd4 Nf6 24. Ng3 c5 25. d5 Bb7 26. Qd3 c4 27. Qc3 Bc8 28. Ra1 Bd7 29. Nd4 g6 30. Ra6 Kg7 31. Qa1 Qc7 32. Nde2 Qb7 33. Kf1 Bc8 34. Ra3 Bd8 35. Ra7 Qb8 36. Nd4 Bb7 37. Nc6 Bxc6 38. dxc6 Re7 39. Rxe7 Bxe7 40. Qa6 Bd8 41. Qb7 Qxb7 42. cxb7 Nd7 43. Ne2 Bf6 44. Nf4 Nb8 45. Nd5 Bd4 46. Ke2 Kf8 47. f4 Bb2 48. Kd2 Ke8 49. Nc7+ Kd7 50. Nxb5 Kc6 51. Ba4 Bg7 52. Na3+ Kxb7 53. Nxc4 Kc7 54. Be8 g5 55. fxg5 hxg5 56. Bxf7 Nd7 57. Kd3 Ne5+ 58. Nxe5 Bxe5 59. Kc4 Bg3 60. Kd5 Kd7 61. Be6+ Kc7 62. Bg4 Be1 63. b5 Bg3 64. Ke6 Kb6 65. Be2 Kc5 66. Kf5 Bf4 67. h4 Bd2 68. h5 1-0

[Event "Brühl - Letmathe"]
[Site "?"]
[Date "2024.03.10"]
[Round "7.4"]
[White "Spilles, Matthias"]
[Black "Soukup, Jiri"]
[Result "0-1"]
[WhiteElo "2109"]
[BlackElo "2319"]
[PlyCount "82"]
[EventDate "2024.??.??"]

1. e4 e5 2. Nf3 Nc6 3. Bb5 Bc5 4. c3 f5 5. d4 fxe4 6. Bxc6 dxc6 7. Nxe5 Bd6 8. Qh5+ g6 9. Qe2 Nf6 10. Bh6 Qe7 11. Nd2 Bxe5 12. dxe5 Ng4 13. Bf4 O-O 14. Bg3 e3 15. fxe3 Nxe5 16. Nf3 Ng4 17. e4 Nf6 18. e5 Nh5 19. Bh4 Qc5 20. Bf2 Qd5 21. O-O Bg4 22. Bd4 Nf4 23. Qe3 b6 24. b4 a5 25. Rad1 Qc4 26. Rf2 axb4 27. Rdf1 bxc3 28. e6 Qxe6 29. Ne5 Ne2+ 30. Rxe2 Rxf1+ 31. Kxf1 Bxe2+ 32. Qxe2 Rxa2 33. Qe3 c2 34. Ke1 Qd5 35. Nd3 Qa5+ 36. Kf1 Qf5+ 37. Ke1 Ra8 38. Kd2 Rd8 39. Bb2 c5 40. Ke2 c4 41. Nf4 Kf7 0-1

[Event "Brühl - Letmathe"]
[Site "?"]
[Date "2024.03.10"]
[Round "7.5"]
[White "Mollema, Thomas"]
[Black "Engel, Johann"]
[Result "1-0"]
[WhiteElo "2225"]
[BlackElo "2129"]
[PlyCount "107"]
[EventDate "2024.??.??"]

1. Nf3 Nf6 2. c4 g6 3. Nc3 Bg7 4. e4 d6 5. h3 O-O 6. g4 c5 7. Bg2 Nc6 8. d3 Rb8 9. Be3 Ne8 10. Qd2 Nc7 11. Bh6 b5 12. h4 Bxg4 13. h5 Bxh5 14. O-O-O f6 15. Bxg7 Kxg7 16. Rdg1 Kh8 17. Nh4 Rg8 18. f4 Nd4 19. Bf1 Qe8 20. Rg3 e5 21. Ng2 b4 22. Ne2 Nce6 23. fxe5 dxe5 24. Ne3 Qa4 25. Kb1 Nf3 26. Qc1 b3 27. a3 Ned4 28. Nc3 Qe8 29. Ned5 Qf7 30. Bg2 f5 31. Bxf3 Bxf3 32. Rf1 Be2 33. Rh1 f4 34. Rgh3 h5 35. Qg1 Bf3 36. Qg5 Bxh1 37. Rxh1 Nc6 38. Nf6 Rg7 39. Ncd5 Rb7 40. Qh6+ Rh7 41. Nxh7 Qxh7 42. Qf8+ Qg8 43. Qf6+ Qg7 44. Qxc6 Rf7 45. Qxc5 Kh7 46. Qf2 Kh6 47. c5 g5 48. c6 h4 49. Qc5 Qf8 50. Qc3 Qc8 51. Qxe5 f3 52. Ne7 f2 53. Nf5+ Kh7 54. Qd6 1-0

[Event "Brühl - Letmathe"]
[Site "?"]
[Date "2024.03.10"]
[Round "7.6"]
[White "Kubitza, Georg"]
[Black "Gruermann, Martin"]
[Result "0-1"]
[WhiteElo "1996"]
[BlackElo "2208"]
[PlyCount "68"]
[EventDate "2024.??.??"]

1. e4 Nf6 2. d3 c5 3. g3 Nc6 4. Bg2 d5 5. Nd2 g6 6. Ngf3 Bg7 7. O-O O-O 8. h3 e6 9. Re1 b6 10. a3 Bb7 11. Rb1 Rc8 12. b3 Qc7 13. Bb2 dxe4 14. dxe4 Rfd8 15. e5 Nd7 16. Qe2 Ndxe5 17. Nxe5 Nxe5 18. Ne4 Nc6 19. Bxg7 Kxg7 20. c3 Ne7 21. Ng5 Bxg2 22. Nxf7 Kxf7 23. Qxe6+ Kg7 24. Qxe7+ Qxe7 25. Rxe7+ Kf8 26. Rxh7 Bf3 27. Rxa7 Rd3 28. g4 Rxc3 29. Rh7 Re8 30. Kh2 Re2 31. Rf1 Rxb3 32. Kg3 Re7 33. Rh8+ Kg7 34. Rb8 Be2+ 0-1

[Event "Brühl - Letmathe"]
[Site "?"]
[Date "2024.03.10"]
[Round "7.7"]
[White "Pfleger, Sascha"]
[Black "Guelsen, Taylan"]
[Result "1/2-1/2"]
[WhiteElo "2049"]
[BlackElo "2129"]
[PlyCount "150"]
[EventDate "2024.??.??"]

1. d4 d5 2. Nf3 Nf6 3. e3 c5 4. b3 cxd4 5. exd4 Nc6 6. Bd3 Bg4 7. Bb2 e6 8. Nbd2 Rc8 9. a3 Bd6 10. O-O O-O 11. Qe1 Re8 12. Ne5 Bf5 13. Nxc6 bxc6 14. b4 a5 15. Nb3 Bxh2+ 16. Kxh2 Ng4+ 17. Kg3 Qg5 18. f4 Qg6 19. Nc5 Ne3+ 20. Kf3 Bxd3 21. cxd3 Nxf1 22. Qxf1 axb4 23. a4 h5 24. Qf2 Qg4+ 25. Ke3 Ra8 26. Qf3 Qxf3+ 27. Kxf3 Reb8 28. Nb3 Ra6 29. a5 Rb5 30. Rc1 g6 31. Rc5 Rb7 32. Bc1 Kf8 33. Bd2 Ke7 34. Be1 f6 35. Bh4 Kf7 36. Ke2 Rb8 37. Kd1 Rg8 38. Rc2 Rb8 39. Kc1 Rb5 40. Rc5 Rb8 41. Kb2 g5 42. fxg5 fxg5 43. Bg3 Rb7 44. Rc2 Rba7 45. Bd6 Kg6 46. Re2 Kf5 47. Bxb4 Rb7 48. Kc3 Rb5 49. Nc5 Ra8 50. a6 Rxc5+ 51. Bxc5 Rxa6 52. Be7 Ra7 53. Re5+ Kf4 54. Bxg5+ Kg4 55. Bc1 Ra1 56. Kb2 Ra4 57. Be3 Kg3 58. Rg5+ Kh2 59. Bf4+ Kh1 60. Be5 h4 61. Rg6 Ra5 62. Rg4 c5 63. dxc5 Rxc5 64. Bf6 Rc8 65. Bxh4 e5 66. Bf6 e4 67. dxe4 dxe4 68. Rg7 e3 69. g4 Kg2 70. g5 e2 71. Re7 Kf1 72. Bc3 Rg8 73. Bd2 Rxg5 74. Bxg5 e1=Q 75. Rxe1+ Kxe1 1/2-1/2

[Event "Brühl - Letmathe"]
[Site "?"]
[Date "2024.03.10"]
[Round "7.8"]
[White "Lahmann, Rudolf"]
[Black "Heeke, Guido"]
[Result "1/2-1/2"]
[WhiteElo "1962"]
[BlackElo "1923"]
[PlyCount "74"]
[EventDate "2024.??.??"]

1. Nf3 f5 2. c4 Nf6 3. b3 g6 4. Bb2 Bg7 5. g3 d6 6. d4 O-O 7. Bg2 c6 8. O-O a5 9. Nc3 Na6 10. d5 Bd7 11. Nd4 Rc8 12. Rb1 h6 13. e3 Qe8 14. a3 Kh7 15. Ba1 c5 16. Ne6 Bxe6 17. dxe6 Rb8 18. Nd5 Qc8 19. Nxe7 Qxe6 20. Nd5 Nxd5 21. Bxd5 Qe7 22. Bxg7 Kxg7 23. Qc2 b6 24. Rbd1 Rbd8 25. Rd2 Nc7 26. Rfd1 Qe5 27. Qd3 Rf6 28. Re2 Kf8 29. f4 Qe7 30. e4 fxe4 31. Rxe4 Qg7 32. Rde1 Re8 33. Rxe8+ Nxe8 34. Re3 Nc7 35. Bc6 Qf7 36. Bd5 Qg7 37. Bc6 Qf7 1/2-1/2

[Event "Dinslaken - Elberfeld "]
[Site "?"]
[Date "2024.03.10"]
[Round "7.1"]
[White "Odendahl, Reiner"]
[Black "Sonnenschein, Philipp"]
[Result "1/2-1/2"]
[WhiteElo "2277"]
[BlackElo "2175"]
[PlyCount "33"]
[EventDate "2024.??.??"]

1. d4 Nf6 2. c4 g6 3. Nd2 Bg7 4. e4 d6 5. Ne2 O-O 6. Nc3 Nc6 7. d5 Nd4 8. Nb3 Nxb3 9. axb3 e6 10. Be2 exd5 11. exd5 Re8 12. O-O Ne4 13. Nxe4 Rxe4 14. Bd3 Re8 15. Qc2 Bd7 16. Bd2 c6 17. dxc6 1/2-1/2

[Event "Dinslaken - Elberfeld "]
[Site "?"]
[Date "2024.03.10"]
[Round "7.2"]
[White "Sielecki, Christof"]
[Black "Volkov, Mykyta"]
[Result "1/2-1/2"]
[WhiteElo "2405"]
[BlackElo "2256"]
[PlyCount "39"]
[EventDate "2024.??.??"]

1. c4 e6 2. g3 d5 3. Bg2 Nf6 4. Nf3 Be7 5. O-O O-O 6. d4 dxc4 7. Qa4 a6 8. Qxc4 b5 9. Qc2 Bb7 10. Bf4 Bd6 11. Nbd2 Nc6 12. Nb3 Nb4 13. Qc1 Bd5 14. Qd1 a5 15. a3 a4 16. Nbd2 Na6 17. Bg5 Be7 18. Rc1 c5 19. dxc5 Nxc5 20. Be3 1/2-1/2

[Event "Dinslaken - Elberfeld"]
[Site "?"]
[Date "2024.03.10"]
[Round "7.3"]
[White "Ries, Benjamin"]
[Black "Mundorf, Johannes"]
[Result "0-1"]
[WhiteElo "2239"]
[BlackElo "2288"]
[PlyCount "44"]
[EventDate "2024.??.??"]

1. d4 e6 2. c4 f5 3. Nc3 Nf6 4. Bf4 Bb4 5. Rc1 O-O 6. e3 d6 7. Nf3 Qe7 8. Be2 Nbd7 9. O-O Bxc3 10. bxc3 e5 11. Bg5 h6 12. Bxf6 Rxf6 13. c5 dxc5 14. Bc4+ Kh7 15. dxe5 Nxe5 16. Nxe5 Qxe5 17. Qd8 b6 18. Qg8+ Kg6 19. h4 h5 20. Qh8 Bb7 21. Bg8 Rff8 22. Qh7+ Kf6 0-1

[Event "Dinslaken - Elberfeld "]
[Site "?"]
[Date "2024.03.10"]
[Round "7.4"]
[White "Welzel, Philipp"]
[Black "Dresen, Ulrich"]
[Result "1/2-1/2"]
[WhiteElo "2195"]
[BlackElo "2142"]
[PlyCount "55"]
[EventDate "2024.??.??"]

1. d4 d5 2. c4 c6 3. Nf3 Nf6 4. Nc3 e6 5. Bg5 h6 6. Bh4 Be7 7. e3 O-O 8. Bd3 dxc4 9. Bxc4 c5 10. O-O cxd4 11. exd4 Nc6 12. Re1 b6 13. Rc1 Bb7 14. a3 Rc8 15. Ba2 Nd5 16. Bxd5 Bxh4 17. Nxh4 Qxh4 18. g3 Qf6 19. Bg2 Rfd8 20. d5 Na5 21. Qe2 Nb3 22. Rcd1 exd5 23. Nxd5 Bxd5 24. Rxd5 Rxd5 25. Bxd5 Nd4 26. Qg4 Rd8 27. Be4 g6 28. Bg2 1/2-1/2

[Event "Dinslaken - Elberfeld "]
[Site "?"]
[Date "2024.03.10"]
[Round "7.5"]
[White "Kurr, Gerd"]
[Black "Ossig, Rainer"]
[Result "1-0"]
[WhiteElo "2181"]
[BlackElo "2178"]
[PlyCount "75"]
[EventDate "2024.??.??"]

1. d4 Nf6 2. Nf3 e6 3. Bg5 h6 4. Bh4 c5 5. e3 cxd4 6. Nxd4 a6 7. Nd2 Nc6 8. Be2 Be7 9. O-O O-O 10. c3 d6 11. Nxc6 bxc6 12. Qa4 Nd5 13. Bxe7 Nxe7 14. Rfd1 Qc7 15. Nc4 d5 16. Qa5 Ra7 17. Qxc7 Rxc7 18. Na5 Bd7 19. c4 Rb8 20. Rd2 Ra7 21. c5 e5 22. a3 g6 23. b4 Kg7 24. Rad1 Be6 25. g3 h5 26. h4 Rc8 27. f3 Nf5 28. Kf2 d4 29. exd4 Nxd4 30. Bc4 Bf5 31. Bd3 Bxd3 32. Rxd3 f6 33. f4 Rf7 34. Nc4 Rcf8 35. Kg2 Re7 36. Re1 Nc2 37. Re2 e4 38. Rd1 1-0

[Event "Dinslaken - Elberfeld "]
[Site "?"]
[Date "2024.03.10"]
[Round "7.6"]
[White "Graeber, Ralf"]
[Black "Noetzel, Frank"]
[Result "0-1"]
[WhiteElo "2162"]
[BlackElo "2190"]
[PlyCount "60"]
[EventDate "2024.??.??"]

1. d4 f5 2. Nc3 Nf6 3. Bg5 d5 4. e3 e6 5. Bxf6 Qxf6 6. Nb5 Qd8 7. c4 c6 8. Nc3 Bd6 9. Qh5+ g6 10. Qh6 Bf8 11. Qh3 Bg7 12. Nf3 Nd7 13. Bd3 Qe7 14. cxd5 exd5 15. Qg3 Nf6 16. Ne5 Nh5 17. Qf3 Bxe5 18. dxe5 Qxe5 19. O-O O-O 20. Rae1 Nf6 21. Qe2 Bd7 22. f3 Rae8 23. Qc2 Kg7 24. e4 fxe4 25. fxe4 Ng4 26. g3 Qd4+ 27. Kg2 Rxf1 28. Bxf1 Ne3+ 29. Rxe3 Qxe3 30. Qb3 Rf8 0-1

[Event "Dinslaken - Elberfeld"]
[Site "?"]
[Date "2024.03.10"]
[Round "7.7"]
[White "Tymura, Achim"]
[Black "Brockhaus, Philip"]
[Result "0-1"]
[WhiteElo "2034"]
[BlackElo "1995"]
[PlyCount "110"]
[EventDate "2024.??.??"]

1. d4 d5 2. c4 e6 3. Nc3 Nf6 4. cxd5 exd5 5. Bg5 c6 6. e3 h6 7. Bh4 Be7 8. Bd3 O-O 9. Nge2 Re8 10. O-O Nbd7 11. Rc1 Nh5 12. Bg3 Nxg3 13. Nxg3 Nf6 14. Na4 g6 15. Bb1 h5 16. Re1 h4 17. Nf1 Bb4 18. Nc3 Ne4 19. Qb3 Bxc3 20. bxc3 Qg5 21. f4 Qh5 22. c4 h3 23. Bxe4 dxe4 24. g3 Bg4 25. Qc2 Rac8 26. Rb1 b5 27. Rb2 a6 28. a4 Be6 29. c5 Bc4 30. Nd2 Bd3 31. Qb3 Rcd8 32. a5 g5 33. Qd1 Qxd1 34. Rxd1 gxf4 35. gxf4 Kh7 36. Nf1 Bxf1 37. Kxf1 Rg8 38. Rf2 Rg4 39. Ke2 Kg6 40. Rff1 Kf6 41. Rg1 Rdg8 42. Rxg4 Rxg4 43. d5 Rg2+ 44. Kf1 Rxh2 45. Kg1 Rg2+ 46. Kf1 cxd5 47. Rxd5 Rc2 48. Kg1 b4 49. Rd6+ Kf5 50. Rb6 Rxc5 51. Rxb4 Rxa5 52. Kh2 Kg4 53. Rxe4 Ra2+ 54. Kg1 h2+ 55. Kh1 Kg3 0-1

[Event "Dinslaken - Elberfeld "]
[Site "?"]
[Date "2024.03.10"]
[Round "7.8"]
[White "Kleff, Andre"]
[Black "Neuer, Thomas"]
[Result "1/2-1/2"]
[WhiteElo "2097"]
[BlackElo "2082"]
[PlyCount "25"]
[EventDate "2024.??.??"]

1. d4 e6 2. Nf3 f5 3. Bf4 Nf6 4. h3 b6 5. e3 Bb7 6. Nbd2 Be7 7. c3 c5 8. Nc4 Ne4 9. Be2 O-O 10. a4 d6 11. h4 cxd4 12. exd4 Nd7 13. Ne3 1/2-1/2

[Event "Brackel II - Lasker Köln"]
[Site "?"]
[Date "2024.03.10"]
[Round "7.1"]
[White "Paris, Michael"]
[Black "Korten, Lando"]
[Result "0-1"]
[WhiteElo "2150"]
[BlackElo "2216"]
[PlyCount "100"]
[EventDate "2024.??.??"]

1. e4 c5 2. Nf3 d6 3. d4 cxd4 4. Qxd4 Nc6 5. Qe3 g6 6. Be2 Bh6 7. Qc3 Qa5 8. Qxa5 Nxa5 9. Bxh6 Nxh6 10. Nc3 Be6 11. Nd4 Bc4 12. Bf3 Rc8 13. O-O-O O-O 14. g4 Kg7 15. g5 Ng8 16. Bg4 Rc5 17. h4 Nc6 18. Nxc6 Rxc6 19. Nd5 e6 20. Nc3 Ne7 21. Rh3 h5 22. gxh6+ Kxh6 23. b3 Ba6 24. Re3 Rd8 25. Bf3 Rcc8 26. Kb2 Nc6 27. Bg2 Kg7 28. f4 Rh8 29. Rxd6 Rxh4 30. f5 exf5 31. exf5 gxf5 32. Rg3+ Rg4 33. Rxg4+ fxg4 34. Rd5 f6 35. Ne4 Rf8 36. Ng3 Ne5 37. Be4 Kh6 38. c4 Kg5 39. Ne2 Rh8 40. Kc1 b6 41. Rd6 Bc8 42. Kd2 f5 43. Rd5 Re8 44. Bg2 Nf3+ 45. Kd1 Re3 46. Rd8 Be6 47. Rh8 f4 48. Rf8 Bf5 49. Rg8+ Kh6 50. Rf8 Bc2+ 0-1

[Event "Brackel II - Lasker Köln"]
[Site "?"]
[Date "2024.03.10"]
[Round "7.2"]
[White "Garbuz, Vitaliy"]
[Black "Nagel, Bernhard"]
[Result "1-0"]
[WhiteElo "2154"]
[BlackElo "2160"]
[PlyCount "75"]
[EventDate "2024.??.??"]

1. e4 e5 2. Nf3 Nc6 3. Bc4 Nf6 4. d4 exd4 5. e5 d5 6. Bb5 Ne4 7. Nxd4 Bd7 8. Bxc6 bxc6 9. O-O Bc5 10. Be3 Qe7 11. Re1 Bb6 12. f3 Ng5 13. f4 Ne4 14. Nc3 Nxc3 15. bxc3 c5 16. Nb3 c6 17. Qd2 c4 18. Nd4 Qa3 19. h3 Ba5 20. Nb3 Bf5 21. g4 Be4 22. Kh2 Bb6 23. Bxb6 axb6 24. Nd4 Qa4 25. Rab1 c5 26. Nf5 O-O 27. Nd6 Bxc2 28. Rxb6 Bd3 29. f5 Qxa2 30. Rb2 Qa6 31. Qg5 f6 32. Qf4 Rad8 33. Nb7 Rb8 34. exf6 Rxb7 35. Rxb7 Qxb7 36. Re7 Qb2+ 37. Kg3 Qb8 38. f7+ 1-0

[Event "Brackel II - Lasker Köln"]
[Site "?"]
[Date "2024.03.10"]
[Round "7.3"]
[White "Pfeffer, Ruprecht"]
[Black "Wuebker, Paul-Luca"]
[Result "1/2-1/2"]
[WhiteElo "2236"]
[BlackElo "2257"]
[PlyCount "150"]
[EventDate "2024.??.??"]

1. e4 Nc6 2. Nf3 e5 3. Bb5 Nf6 4. O-O Nxe4 5. d4 Nd6 6. Bxc6 dxc6 7. dxe5 Nf5 8. Qxd8+ Kxd8 9. Nc3 h6 10. h3 g6 11. b3 Be6 12. Bb2 Kc8 13. Rad1 Bb4 14. Rd3 b6 15. Ne2 Kb7 16. Nf4 Be7 17. Nxe6 fxe6 18. g4 Ng7 19. Rd7 Rae8 20. Kg2 Kc8 21. Rfd1 Rhf8 22. Bc1 g5 23. Be3 Rf7 24. c3 Ref8 25. Ng1 c5 26. c4 Ne8 27. Ne2 Rh8 28. Ng3 Rhh7 29. R1d2 Ng7 30. Ne4 Ne8 31. Ng3 Ng7 32. Ne4 Ne8 33. Rd1 Kb7 34. a3 Kc6 35. Ng3 Ng7 36. Ne4 Ne8 37. R1d2 Kb7 38. R2d3 Kc6 39. Bd2 Kb7 40. b4 cxb4 41. axb4 Rh8 42. Nd6+ Bxd6 43. Rxf7 Bxe5 44. Rdd7 Nf6 45. Rde7 Ne4 46. Be3 a5 47. Rxe6 Nd6 48. Rfe7 Nxc4 49. bxa5 Bd6 50. Rxd6 Nxd6 51. axb6 Nb5 52. bxc7 Nxc7 53. Bd4 Re8 54. Rxe8 Nxe8 55. Kf3 Nd6 56. Bg7 Kc6 57. Bxh6 Nf7 58. Bg7 Kd5 59. Ke3 Ke6 60. f4 gxf4+ 61. Kxf4 Nd6 62. h4 Kf7 63. Be5 Nc4 64. h5 Nb6 65. Kg5 Nd7 66. Kf5 Kg8 67. Bd6 Nb6 68. Kg6 Nd7 69. h6 Kh8 70. Kf7 Kh7 71. g5 Ne5+ 72. Ke6 Ng6 73. Kf5 Nh4+ 74. Kg4 Ng6 75. Kh5 Nh8 1/2-1/2

[Event "Brackel II - Lasker Köln"]
[Site "?"]
[Date "2024.03.10"]
[Round "7.4"]
[White "Kracht, Raphael"]
[Black "Cramer, Volker"]
[Result "1-0"]
[WhiteElo "2190"]
[BlackElo "2054"]
[PlyCount "83"]
[EventDate "2024.??.??"]

1. e4 e6 2. d4 d5 3. Nd2 Be7 4. Bd3 c5 5. dxc5 Bxc5 6. Ngf3 Nf6 7. Qe2 O-O 8. O-O Nc6 9. c3 a5 10. e5 Nd7 11. Re1 a4 12. Nf1 b6 13. Bxh7+ Kh8 14. Bc2 Ba6 15. Qd1 g6 16. Qd2 Kg8 17. Qh6 Re8 18. Bg5 Bf8 19. Qh4 Be7 20. Bxe7 Qxe7 21. Ng5 Nf8 22. Re3 Nxe5 23. Rxe5 f6 24. Re3 fxg5 25. Qh6 Bxf1 26. Rxf1 Qg7 27. Qxg5 a3 28. bxa3 Rxa3 29. Bb3 Ra5 30. Qg3 Rc5 31. Qd6 Qc7 32. Qxc7 Rxc7 33. Bxd5 Kf7 34. Rfe1 Rd8 35. Bxe6+ Nxe6 36. Rxe6 Rd1 37. Rxd1 Kxe6 38. Rb1 Rc6 39. Rb5 Rxc3 40. Rxb6+ Kf5 41. Rb5+ Kf6 42. g3 1-0

[Event "Brackel II - Lasker Köln"]
[Site "?"]
[Date "2024.03.10"]
[Round "7.5"]
[White "Mandt, Mathias"]
[Black "Stemmler, Fabian"]
[Result "0-1"]
[WhiteElo "2066"]
[BlackElo "2147"]
[PlyCount "60"]
[EventDate "2024.??.??"]

1. d4 Nf6 2. c4 g6 3. Nc3 Bg7 4. g3 O-O 5. Bg2 d6 6. e3 c6 7. Nge2 e5 8. O-O Re8 9. b3 e4 10. Qc2 Bf5 11. Ba3 a6 12. Rac1 Qe7 13. Rfd1 Nbd7 14. Qd2 h5 15. Kh1 g5 16. Ng1 Nf8 17. Re1 Ng6 18. Qe2 h4 19. h3 g4 20. Qf1 Bh6 21. Nge2 Qd7 22. Ng1 Kg7 23. Nce2 Rh8 24. gxh4 Nxh4 25. Ng3 Nf3 26. Bxf3 gxf3 27. Bxd6 Bxh3 28. Nxh3 Bg5 29. Be5 Rxh3+ 30. Kg1 Rah8 0-1

[Event "Brackel II - Lasker Köln"]
[Site "?"]
[Date "2024.03.10"]
[Round "7.6"]
[White "Gerlach, Felix"]
[Black "di Franco, Patricio"]
[Result "1-0"]
[WhiteElo "2124"]
[BlackElo "2050"]
[PlyCount "79"]
[EventDate "2024.??.??"]

1. c4 e5 2. g3 h5 3. h3 d5 4. cxd5 Nf6 5. Nc3 Nxd5 6. Bg2 Be6 7. Nf3 Nc6 8. O-O Nb6 9. d3 Be7 10. Be3 Qd7 11. h4 O-O-O 12. Rc1 Kb8 13. Ne4 f6 14. Bc5 g5 15. Bxe7 Qxe7 16. Rxc6 bxc6 17. hxg5 f5 18. Nf6 Bc8 19. a4 e4 20. Nh4 Qg7 21. f4 Rd6 22. a5 Nd5 23. Qb3+ Ka8 24. dxe4 fxe4 25. Nxe4 Qd4+ 26. e3 Nxe3 27. Nxd6 Nxf1+ 28. Kxf1 Ba6+ 29. Ke1 Qxd6 30. Qc3 Re8+ 31. Kf2 Bb5 32. Kg1 Kb7 33. a6+ Kxa6 34. g6 Kb7 35. f5 Qd1+ 36. Kh2 Qg4 37. f6 Bc4 38. Qb4+ Ka6 39. Qa4+ Kb7 40. Qxc6+ 1-0

[Event "Brackel II - Lasker Köln"]
[Site "?"]
[Date "2024.03.10"]
[Round "7.7"]
[White "Rosenkraenzer, Torsten"]
[Black "Bartelt, Max Peter"]
[Result "0-1"]
[WhiteElo "2039"]
[BlackElo "2054"]
[PlyCount "64"]
[EventDate "2024.??.??"]

1. d4 Nf6 2. c4 g6 3. Nc3 Bg7 4. e4 d6 5. Nge2 O-O 6. Ng3 c5 7. d5 e6 8. Be2 exd5 9. cxd5 a6 10. a4 Nbd7 11. O-O Re8 12. Bg5 Qc7 13. f3 h6 14. Be3 h5 15. Nh1 Rb8 16. Nf2 b6 17. f4 c4 18. Bd4 Nc5 19. e5 Ng4 20. Nxg4 Bxg4 21. Bxg4 dxe5 22. Bxe5 Bxe5 23. fxe5 hxg4 24. e6 f5 25. d6 Qc6 26. e7 Nd3 27. b3 g3 28. hxg3 Qxd6 29. bxc4 Qd4+ 30. Kh2 Rxe7 31. g4 Rh7+ 32. Kg3 Qe3+ 0-1

[Event "Brackel 2 - Brühl"]
[Site "Dortmund"]
[Date "2024.04.07"]
[Round "8.1"]
[White "Loifenfeld, Jakov"]
[Black "Korten, Lando"]
[Result "1/2-1/2"]
[WhiteElo "2370"]
[BlackElo "2224"]
[PlyCount "46"]
[EventDate "2024.??.??"]

1. d4 Nf6 2. c4 g6 3. Nc3 Bg7 4. e4 d6 5. Be2 O-O 6. Be3 e5 7. d5 Na6 8. g4 Nc5 9. Bf3 a5 10. h4 Bd7 11. g5 Ne8 12. Be2 c6 13. f3 Nc7 14. Nh3 cxd5 15. cxd5 b5 16. Nf2 b4 17. Nb1 Nb5 18. Bxb5 Bxb5 19. Nd2 a4 20. Rc1 Qa5 21. b3 Rfc8 22. Nc4 Bxc4 23. Rxc4 axb3 1/2-1/2

[Event "Brackel 2 - Brühl"]
[Site "Dortmund"]
[Date "2024.04.07"]
[Round "8.2"]
[White "Garbuz, Vitaliy"]
[Black "Keller, Thomas"]
[Result "1-0"]
[WhiteElo "2164"]
[BlackElo "2228"]
[PlyCount "55"]
[EventDate "2024.??.??"]

1. e4 e5 2. Nf3 Nf6 3. Nc3 Nc6 4. h3 Bb4 5. a3 Ba5 6. Bc4 d6 7. O-O Be6 8. Qe2 a6 9. Nd5 Ne7 10. d4 b5 11. dxe5 dxe5 12. Nxf6+ gxf6 13. Bxe6 fxe6 14. Rd1 Qc8 15. Nh4 O-O 16. Bh6 Rf7 17. Rd3 Kh8 18. Qh5 Qe8 19. Rad1 c5 20. Rd6 Ng8 21. Be3 Bc7 22. R6d2 c4 23. Bc5 c3 24. Rd3 cxb2 25. Ng6+ Kg7 26. Rg3 Nh6 27. Ne7+ Kh8 28. Qxh6 1-0

[Event "Brackel 2 - Brühl"]
[Site "Dortmund"]
[Date "2024.04.07"]
[Round "8.3"]
[White "Gramb, Marius"]
[Black "Wuebker, Paul-Luca"]
[Result "0-1"]
[WhiteElo "2099"]
[BlackElo "2256"]
[PlyCount "168"]
[EventDate "2024.??.??"]

1. Nf3 Nf6 2. c4 e6 3. e3 g6 4. b3 Bg7 5. Bb2 O-O 6. Qc2 d6 7. d4 c5 8. Be2 b6 9. O-O Bb7 10. Nc3 Nc6 11. Rfd1 Qe7 12. a3 cxd4 13. exd4 Rfc8 14. b4 e5 15. dxe5 dxe5 16. Nb5 Ne8 17. Qd2 a5 18. Qd7 Kf8 19. bxa5 Rxa5 20. Ng5 h6 21. Ne4 Nd4 22. Qxe7+ Kxe7 23. Bxd4 exd4 24. Bd3 Kd7 25. Nd2 Nd6 26. a4 Rca8 27. Rab1 Rxa4 28. Nxd6 Kxd6 29. Rxb6+ Kc7 30. Rdb1 R8a7 31. Kf1 Ra1 32. f3 Rxb1+ 33. Rxb1 Be5 34. Nb3 Ra2 35. h3 Bc6 36. Ra1 Rxa1+ 37. Nxa1 Kd6 38. Nb3 Ba4 39. Nd2 Kc5 40. g4 Kb4 41. Ke2 Bf4 42. Ne4 Bb3 43. c5 Be5 44. Ba6 Be6 45. c6 Bd5 46. Nf2 Ka5 47. Nd3 Bc7 48. Bb7 Kb5 49. Nc1 Bc4+ 50. Kd2 Bf4+ 51. Kc2 Bd5 52. Ne2 Be3 53. Kd3 Kc5 54. f4 f5 55. gxf5 gxf5 56. Nc3 Bc4+ 57. Kc2 Bxf4 58. Nd1 Bc7 59. Nf2 Kb5 60. Bc8 f4 61. Bd7 Kc5 62. Ne4+ Kb6 63. Nd2 Be2 64. Nb3 Be5 65. Kd2 Bc4 66. Nc1 f3 67. Nd3 Bg3 68. Bg4 Bd5 69. Nb4 Be4 70. Be6 Kc5 71. c7 Bxc7 72. Nd3+ Kd6 73. Bg4 Ba5+ 74. Kc2 f2 75. Be2 Bd8 76. Kd1 Bh4 77. Bf1 Bf3+ 78. Kd2 Bg5+ 79. Kc2 Be3 80. Nb4 Ke5 81. Kd3 Kf4 82. Na6 Be4+ 83. Kc4 Kg3 84. Nc5 Bg2 0-1